| 000 | nam a22 a 4500 | ||
|---|---|---|---|
| 999 |
_c698 _d698 |
||
| 005 | 20170504155102.0 | ||
| 008 | 170504b2006 - ||||| |||| 00| 0 eng d | ||
| 020 | _a9780534583484 | ||
| 020 | _a0534583482 | ||
| 040 | _aAKMAL | ||
| 082 | _a160 EPS | ||
| 090 |
_a160 _bEPS |
||
| 245 |
_aCRITICAL THINKING _cRICHARD L. EPSTEIN WITH CAROLYN KERNBERGER ILLUSTRATED BY ALEX RAFFI |
||
| 260 |
_aUSA _bWadsworth _c2006 |
||
| 300 |
_a441 pg _ccm |
||
| 650 |
_athinking _91497 |
||
| 942 |
_2ddc _cBOOK |
||